| 000 | 00424nam a22001577a 4500 | ||
|---|---|---|---|
| 005 | 20170912120413.0 | ||
| 008 | 170912b xxu||||| |||| 00| 0 eng d | ||
| 020 | _a9694163137 | ||
| 040 | _cPK-LaUMT | ||
| 082 |
_aPKAC 121.35 _bSHE-F |
||
| 100 | _aSheila McDonough | ||
| 245 |
_aThe flame of sinai hope and vision in Iqbal/ _cSheila McDonough |
||
| 260 |
_aLahore: _bIqbal academy, _c2002 |
||
| 300 | _a249 p. | ||
| 942 | _cBK | ||
| 999 |
_c98137 _d98137 |
||